Evolución de la intermediación financiera en Centroamérica

Uloženo v:
Podrobná bibliografie
Hlavní autor: Guerra Borges, Alfredo
Korporativní autor: Instituto Centroamericano de Documentación e Investigación Social
Médium: Text
Vydáno: San José: ICADIS
Tagy: Přidat tag
Žádné tagy, Buďte první, kdo vytvoří štítek k tomuto záznamu!

MARC

LEADER 00000 a a2200000 04500
001 21141
003
040
090 |a 091700  
100 |a Guerra Borges, Alfredo  
110 |a Instituto Centroamericano de Documentación e Investigación Social  
245 |a Evolución de la intermediación financiera en Centroamérica  
260 |a San José:   |b ICADIS  
300 |a 72 p.  
999 |c 14455  |d 14455